|
|
|
|
| LEADER |
00000cam a2200000 i 4500 |
| 001 |
1/33379 |
| 008 |
960802s1987####gr | ||| |||| ||gre|| |
| 020 |
|
|
|a 9602561734
|
| 035 |
|
|
|1 ΕΛΗ
|a 1996
|b 2507
|c ΒΙΒΛΙΟΘΗΚΗ
|l 10039352
|
| 040 |
|
|
|a GR-MyUA
|b gre
|e AACR2
|
| 041 |
0 |
|
|a gre
|
| 082 |
0 |
|
|a 843
|
| 100 |
0 |
|
|a Stendhal,
|d 1783-1842.
|
| 245 |
1 |
3 |
|a Το κόκκινο και το μαύρο /
|c Stendhal ; εισαγωγή-μετάφραση Γιώργος Σπανός.
|
| 260 |
|
|
|a Αθήνα :
|b Εξάντας,
|c c1987.
|
| 300 |
|
|
|a 634 σ. ;
|c 17 εκ.
|
| 650 |
0 |
0 |
|a French fiction.
|
| 700 |
1 |
|
|a Σπανός, Γιώργος Η.
|e trl
|
| 852 |
|
|
|a INST
|b SAMOS
|e 19960802
|h 843 STE
|p 005300009343
|q 005300009343
|t BK
|y 0
|
| 909 |
|
|
|a Σ
|b 041808
|